000 00392nam a2200145 i 4500
001 bg
100 1 _aMOSLOV, P. P.
245 0 _aVariacionnyje metody w teorii tecenij zestko-vjazkoplasticeskich sred /
_cP.P. Moslow, W.P. Mjasnikow.
260 _aMoskwa,
_c1971.
700 1 _aMJASNIKOV, W. P.
040 _cBPK
041 _apol
942 _cKS
008 s pl f |000 0 pol
999 _c9219
_d9219
856 _uhttp://koha.tu.koszalin.pl/cgi-bin/koha/opac-detail.pl?biblionumber=9219
_yKatalog online BPK